<?xml version="1.0" encoding="UTF-8"?>
<record
    xmlns:xsi="http://www.w3.org/2001/XMLSchema-instance"
    xsi:schemaLocation="http://www.loc.gov/MARC21/slim http://www.loc.gov/standards/marcxml/schema/MARC21slim.xsd"
    xmlns="http://www.loc.gov/MARC21/slim">

  <leader>01539nam a22002177a 4500</leader>
  <controlfield tag="003">OSt</controlfield>
  <controlfield tag="005">20240627094919.0</controlfield>
  <controlfield tag="008">240627s2014    ag ||||| |||| 00| 1 spa d</controlfield>
  <datafield tag="020" ind1=" " ind2=" ">
    <subfield code="a">978842642190</subfield>
  </datafield>
  <datafield tag="040" ind1=" " ind2=" ">
    <subfield code="c">besoc</subfield>
  </datafield>
  <datafield tag="100" ind1="1" ind2=" ">
    <subfield code="a">Atwood, Margaret, </subfield>
    <subfield code="d">1939-,</subfield>
    <subfield code="e">autor</subfield>
  </datafield>
  <datafield tag="245" ind1="1" ind2="0">
    <subfield code="a">Chicas bailarinas /</subfield>
    <subfield code="c">Margaret Atwood</subfield>
  </datafield>
  <datafield tag="250" ind1=" " ind2=" ">
    <subfield code="a">1a ed. </subfield>
  </datafield>
  <datafield tag="260" ind1=" " ind2=" ">
    <subfield code="a">Buenos Aires :</subfield>
    <subfield code="b">Lumen,</subfield>
    <subfield code="c">2014</subfield>
  </datafield>
  <datafield tag="300" ind1=" " ind2=" ">
    <subfield code="a">353 p.</subfield>
  </datafield>
  <datafield tag="490" ind1="0" ind2=" ">
    <subfield code="a">Lumen narrativa</subfield>
  </datafield>
  <datafield tag="505" ind1="0" ind2=" ">
    <subfield code="a">El marciano -- Betty -- Polaridades -- Transl&#xFA;cida -- La tumba del famoso poeta -- Joyer&#xED;a capilar -- Cuando sucede -- Historia de un viaje -- El resplandeciente quetzal -- Aprendizaje -- Vidas de poetas -- Chicas bailarinas -- La Comepecados -- Dar a luz.-</subfield>
  </datafield>
  <datafield tag="520" ind1=" " ind2=" ">
    <subfield code="a">En plena madurez literaria, Atwood reuni&#xF3; una espl&#xE9;ndida colecci&#xF3;n de cuentos en este volumen titulado Chicas bailarinas. Se trata de doce piezas perfectas, donde la autora utiliza sabiamente todas las perspectivas, modulaciones y t&#xE9;cnicas para dar cuenta de esos detalles que convierten una vida cualquiera en una aventura extravagante. Quien se acerque a los personajes de Atwood -amas de casa, estudiantes, periodistas, granjeros, ornit&#xF3;logos, ex esposas y amantes adolescentes- descubrir&#xE1; que cada voz tiene su tono, que el humor de pronto se convierte en tragedia, y que el talento de la autora se niega a las soluciones f&#xE1;ciles: nada es t&#xF3;pico en Atwood, pero todo es tan probable que casi parece real. [Nota del editor]</subfield>
  </datafield>
  <datafield tag="654" ind1=" " ind2="4">
    <subfield code="a">Literatura canadiense</subfield>
    <subfield code="v">Cuentos</subfield>
    <subfield code="y">Siglo XXI</subfield>
  </datafield>
  <datafield tag="942" ind1=" " ind2=" ">
    <subfield code="2">udc</subfield>
    <subfield code="c">OG</subfield>
    <subfield code="n">0</subfield>
  </datafield>
  <datafield tag="999" ind1=" " ind2=" ">
    <subfield code="c">266</subfield>
    <subfield code="d">266</subfield>
  </datafield>
  <datafield tag="952" ind1=" " ind2=" ">
    <subfield code="0">0</subfield>
    <subfield code="1">0</subfield>
    <subfield code="2">udc</subfield>
    <subfield code="4">0</subfield>
    <subfield code="7">0</subfield>
    <subfield code="8">CG</subfield>
    <subfield code="a">ESOCIALES</subfield>
    <subfield code="b">ESOCIALES</subfield>
    <subfield code="d">2024-06-27</subfield>
    <subfield code="l">0</subfield>
    <subfield code="o">82-34(71) AT887</subfield>
    <subfield code="p">001091</subfield>
    <subfield code="r">2024-06-27 00:00:00</subfield>
    <subfield code="w">2024-06-27</subfield>
    <subfield code="y">OG</subfield>
  </datafield>
</record>
